| 000 | 00589nam a2200229Ia 4500 | ||
|---|---|---|---|
| 003 | OSt | ||
| 005 | 20230329110639.0 | ||
| 008 | 210423s2016 xx 000 0 und d | ||
| 020 | _a978-81-309-1585-2 | ||
| 040 | _cAL | ||
| 041 | _aeng | ||
| 082 |
_a546 _223 _bWULI |
||
| 100 |
_aWULFSBERG (Gary) _979519 |
||
| 245 | _aInorganic chemistry | ||
| 260 |
_aNew Delhi _bViva Books Pvt Ltd _c2016 |
||
| 300 |
_axix,980 _bPB |
||
| 365 |
_b695 _cINR |
||
| 440 |
_aViva student edition _979520 |
||
| 650 |
_aInorganic Chemistry _979521 |
||
| 906 | _achemistry ; Inorganic | ||
| 942 |
_2ddc _cBK |
||
| 999 |
_c168856 _d168856 |
||